00726nam a2200193Ia 4500001001000000003000500010008004100015010001100056040000900067100003500076245013900111260003400250300001000284502010600294650002400400650003100424650002700455710005000482Para_8855CHAP220125s2004 xx 000 0 und d a207618 cCHAP aDe la Rosa Santamaría, Oscar aManejo integrado de Fusarium oxisporum f.s.p. gladioli en gladiolo en Oacalco, Yautepec; Morelos /c por Oscar De la Rosa Santamaría aChapingo, Méx. :b el autor a44 h. aTesis (Ing. Agr. Esp. en Parasitología Agrícola) -- UACh. Departamento Parasitología Agrícola aFusarium oxysporum  aGladiolas x enfermedades  aHongos fitopatógenos aUACh. Departamento Parasitología Agrícola